000 00605cam a2200205 4500500
005 20260405002650.0
041 _afre
042 _adc
100 1 0 _aTenaillon, Nicolas
_eauthor
245 0 0 _aComprendre le poutinisme
260 _c2018.
500 _a69
690 _aFrançoise Thom
690 _aMichel Eltchaninoff
690 _aRussie
690 _aSystème
690 _aVladimir Poutine
786 0 _nPhilosophie magazine | 117 | 3 | 2018-03-01 | p. 58-58 | 1951-1787
856 4 1 _uhttps://shs.cairn.info/magazine-philosophie-magazine-2018-3-page-58?lang=fr&redirect-ssocas=7080
999 _c2059880
_d2059880